De Aristóteles a Darwin (y vuelta) : (Registro nro. 42189)
[ vista simple ]
| 000 -LEADER | |
|---|---|
| fixed length control field | 01135cam a2200313 i 4500 |
| 001 - CONTROL NUMBER | |
| control field | 42189 |
| 003 - CONTROL NUMBER IDENTIFIER | |
| control field | Mx-PuUPA |
| 005 - DATE AND TIME OF LATEST TRANSACTION | |
| control field | 20251201154533.0 |
| 008 - FIXED-LENGTH DATA ELEMENTS--GENERAL INFORMATION | |
| fixed length control field | 140415s1976 sp gr 001 0 spa d |
| 017 ## - COPYRIGHT OR LEGAL DEPOSIT NUMBER | |
| Copyright or legal deposit number | M. 38.157-1976 |
| 020 ## - INTERNATIONAL STANDARD BOOK NUMBER | |
| International Standard Book Number | 8431302267 |
| 040 ## - CATALOGING SOURCE | |
| Transcribing agency | Mx-PuUPA |
| Original cataloging agency | Mx-PuUPA |
| Language of cataloging | spa |
| Modifying agency | Mx-PuUPA |
| Description conventions | rda |
| 041 1# - LANGUAGE CODE | |
| Language code of text/sound track or separate title | spa |
| Language code of original | und |
| 100 1# - MAIN ENTRY--PERSONAL NAME | |
| Personal name | Gilson, Étienne, |
| Dates associated with a name | 1884-1978 |
| Relator term | autor |
| 9 (RLIN) | 3217 |
| 245 13 - TITLE STATEMENT | |
| Title | De Aristóteles a Darwin (y vuelta) : |
| Remainder of title | ensayo sobre algunas constantes de la biofilosofía / |
| Statement of responsibility, etc. | Etienne Gilson ; traducción, Alberto Clavería |
| 264 #1 - PRODUCTION, PUBLICATION, DISTRIBUTION, MANUFACTURE, AND COPYRIGHT NOTICE | |
| Place of production, publication, distribution, manufacture | Pamplona, España : |
| Name of producer, publisher, distributor, manufacturer | Ediciones Universidad de Navarra, |
| Date of production, publication, distribution, manufacture, or copyright notice | ©1976 |
| 300 ## - PHYSICAL DESCRIPTION | |
| Extent | 346 páginas : |
| Dimensions | 18 cm |
| 336 ## - CONTENT TYPE | |
| Fuente | rdacontent |
| Content type term | texto |
| Content type code | txt |
| 337 ## - MEDIA TYPE | |
| Source | rdamedia |
| Media type term | sin medio |
| Media type code | n |
| 338 ## - CARRIER TYPE | |
| Source | rdacarrier |
| Carrier type term | volumen |
| Carrier type code | nc |
| 490 0# - SERIES STATEMENT | |
| Series statement | Colección Cultural de Bolsillo ; |
| Volume/sequential designation | 30 |
| 650 #7 - SUBJECT ADDED ENTRY--TOPICAL TERM | |
| Source of heading or term | armarc |
| 9 (RLIN) | 13986 |
| Topical term or geographic name entry element | Biología |
| General subdivision | Filosofía |
| 650 #7 - SUBJECT ADDED ENTRY--TOPICAL TERM | |
| Source of heading or term | armarc |
| Topical term or geographic name entry element | Evolución (Biología) |
| General subdivision | Filosofía |
| 650 #7 - SUBJECT ADDED ENTRY--TOPICAL TERM | |
| Source of heading or term | armarc |
| Topical term or geographic name entry element | Causalidad |
| 700 1# - ADDED ENTRY--PERSONAL NAME | |
| Personal name | Clavería, Alberto |
| Relator term | traductor |
| 942 ## - ADDED ENTRY ELEMENTS (KOHA) | |
| Source of classification or shelving scheme | Dewey Decimal Classification |
| Koha item type | Libro |
| Classification part | 576.801 |
| Item part | G4618 |
| Withdrawn status | Lost status | Source of classification or shelving scheme | Damaged status | Not for loan | Collection code | Home library | Current library | Shelving location | Date acquired | Source of acquisition | Total Checkouts | Full call number | Barcode | Date last seen | Price effective from | Koha item type |
|---|---|---|---|---|---|---|---|---|---|---|---|---|---|---|---|---|
| Dewey Decimal Classification | General | Centro de Estudios en Ciencia y Religión | Centro de Estudios en Ciencia y Religión | Sala general | 03/12/2013 | Compra | 576.801 G4618 1976 | 63503 | 05/01/2026 | 03/12/2013 | Libro |